[Event "Madrid-ch Seniors 65"]
[Site "Madrid"]
[Date "2017.01.24"]
[Round "3"]
[White "De Juan Rivas, Antonio"]
[Black "Perez Cristobal, Alberto"]
[Result "1/2-1/2"]
[WhiteElo "1682"]
[BlackElo "1598"]
[PlyCount "21"]
[EventDate "2017.01.20"]
[EventType "swiss"]
[EventRounds "7"]
[EventCountry "ESP"]
[SourceTitle "CBM 176 Extra"]
[Source "ChessBase"]
[SourceDate "2017.03.02"]
[SourceVersion "1"]
[SourceVersionDate "2017.03.02"]
[SourceQuality "1"]

1. f4 d5 2. Nf3 Nc6 3. e3 Nf6 4. Bb5 Bd7 5. 0-0 a6 6. Bxc6 Bxc6 7. Ne5 Nd7 8. b3 e6 9. Nxc6 bxc6 10. Bb2 Nf6 11. d3 1/2-1/2

[Event "Madrid-ch Seniors"]
[Site "Madrid"]
[Date "2016.01.13"]
[Round "3"]
[White "Cortijo Manso, Luis"]
[Black "Perez Cristobal, Alberto"]
[Result "1/2-1/2"]
[WhiteElo "1508"]
[BlackElo "1612"]
[PlyCount "52"]
[EventDate "2016.01.11"]
[EventType "swiss"]
[EventRounds "9"]
[EventCountry "ESP"]
[SourceTitle "EXT 2017"]
[Source "ChessBase"]
[SourceDate "2016.10.25"]
[SourceVersion "1"]
[SourceVersionDate "2016.10.25"]
[SourceQuality "1"]

1. Nf3 d5 2. d4 Nf6 3. g3 e6 4. Bg2 c5 5. c4 dxc4 6. Qa4+ Qd7 7. Qxc4 Qd5 8. Qxd5 Nxd5 9. 0-0 Nc6 10. dxc5 Bxc5 11. Nbd2 0-0 12. Ne4 Be7 13. Bg5 f6 14. Bd2 b6 15. Nc3 Nxc3 16. Bxc3 Rb8 17. Rfd1 Rd8 18. Nd4 Nxd4 19. Bxd4 Ba6 20. e3 Rd6 21. Bf3 Rbd8 22. h4 Bc4 23. b3 Bd5 24. Be2 Rc6 25. Bb5 Rc2 26. Bd3 Rc7 1/2-1/2

[Event "Madrid-ch"]
[Site "Madrid"]
[Date "2012.11.07"]
[Round "3"]
[White "Perez Cameselle, Francisco Jose"]
[Black "Perez Cristobal, Alberto"]
[Result "1-0"]
[WhiteElo "1853"]
[BlackElo "1728"]
[PlyCount "110"]
[EventDate "2012.11.05"]
[EventType "swiss"]
[EventRounds "9"]
[EventCountry "ESP"]
[SourceTitle "CBM 151 Extra"]
[Source "ChessBase"]
[SourceDate "2012.12.18"]
[SourceVersion "1"]
[SourceVersionDate "2012.12.18"]
[SourceQuality "1"]

1. e4 e6 2. d4 d5 3. Nc3 dxe4 4. Nxe4 Nd7 5. Nf3 Ngf6 6. Bd3 Nxe4 7. Bxe4 Nf6 8. Bd3 Be7 9. 0-0 0-0 10. Ne5 c5 11. dxc5 Bxc5 12. Qe2 Qd4 13. c3 Qh4 14. Nf3 Qh5 15. Bf4 b6 16. Rfe1 Bb7 17. Ne5 Qxe2 18. Rxe2 Rfd8 19. Bc4 Nd5 20. Bg3 a6 21. Rae1 Rac8 22. Bb3 b5 23. a3 a5 24. h4 Nf6 25. Nxf7 Kxf7 26. Bxe6+ Kf8 27. Bxc8 Bxc8 28. Bc7 Rd5 29. Bxa5 Bd6 30. Bb4 Bxb4 31. axb4 Bf5 32. Re5 Bd3 33. Rxd5 Nxd5 34. Rd1 Bc4 35. g3 Kf7 36. Kg2 Kf6 37. Kf3 h5 38. Ke4 Ke6 39. Kd4 Nf6 40. Kc5 Ne4+ 41. Kc6 Nxf2 42. Re1+ Kf5 43. b3 Bd3 44. Re3 Kg4 45. c4 bxc4 46. bxc4 g5 47. hxg5 Kxg5 48. Kd5 Kg4 49. c5 Be4+ 50. Rxe4+ Nxe4 51. Kxe4 Kxg3 52. c6 h4 53. c7 h3 54. c8Q h2 55. Qh8 Kg2 1-0

[Event "Madrid-ch Seniors"]
[Site "Madrid"]
[Date "2011.02.09"]
[Round "3"]
[White "Perez Cristobal, Alberto"]
[Black "Ciuro Munoz, Ricardo"]
[Result "0-1"]
[WhiteElo "1790"]
[BlackElo "2169"]
[PlyCount "54"]
[EventDate "2011.02.07"]
[EventType "swiss"]
[EventRounds "9"]
[EventCountry "ESP"]
[SourceTitle "CBM 140 Extra"]
[Source "ChessBase"]
[SourceDate "2011.03.01"]
[SourceVersion "1"]
[SourceVersionDate "2011.03.01"]
[SourceQuality "1"]

1. e4 e6 2. d4 d5 3. exd5 exd5 4. Ne2 Bg4 5. Nd2 Bd6 6. h3 Bh5 7. g4 Bg6 8. Bg2 h5 9. Nf3 hxg4 10. hxg4 Rxh1+ 11. Bxh1 Qd7 12. Ne5 Bxe5 13. dxe5 Ne7 14. Nf4 Nbc6 15. Nxg6 Nxg6 16. f4 0-0-0 17. Bd2 f6 18. Qe2 fxe5 19. fxe5 Nd4 20. Qd3 Qxg4 21. Be3 Nf3+ 22. Bxf3 Qxf3 23. Bd4 Qg4 24. c3 Rh8 25. Qf1 Qe4+ 26. Kd2 Rh2+ 27. Kc1 Qc2# 0-1

[Event "Mostoles Bicentenary op"]
[Site "Mostoles"]
[Date "2008.05.30"]
[Round "9"]
[White "Montero Garcia, Francisco Javier"]
[Black "Perez Cristobal, Alberto"]
[Result "1-0"]
[WhiteElo "1919"]
[BlackElo "1863"]
[PlyCount "67"]
[EventDate "2008.05.20"]
[EventType "swiss"]
[EventRounds "9"]
[EventCountry "ESP"]
[SourceTitle "EXT 2009"]
[Source "ChessBase"]
[SourceDate "2008.11.26"]
[SourceVersion "1"]
[SourceVersionDate "2008.11.26"]
[SourceQuality "1"]

1. e4 e6 2. d3 d5 3. Nd2 Nc6 4. Ngf3 d4 5. g3 e5 6. Bg2 Bg4 7. 0-0 Qd7 8. Nc4 f6 9. a4 h5 10. h4 Nh6 11. Bd2 Nf7 12. Qe1 Be7 13. Nh2 Bh3 14. f4 Bxg2 15. Kxg2 g5 16. fxg5 fxg5 17. Rxf7 Kxf7 18. Nf3 Qe6 19. Bxg5 Raf8 20. c3 Ke8 21. Bxe7 Kxe7 22. cxd4 exd4 23. Rc1 Kd8 24. b4 Qf6 25. Ng5 Ne5 26. Nxe5 Qxe5 27. Rc5 Qe7 28. Rd5+ Kc8 29. Rxd4 Rf6 30. e5 Rg8 31. e6 Rd8 32. Qe3 Rf5 33. Rxd8+ Kxd8 34. Qd4+ 1-0

[Event "Mostoles Bicentenary op"]
[Site "Mostoles"]
[Date "2008.05.27"]
[Round "6"]
[White "Galan Aguado, Fernando"]
[Black "Perez Cristobal, Alberto"]
[Result "0-1"]
[WhiteElo "1888"]
[BlackElo "1792"]
[PlyCount "88"]
[EventDate "2008.05.20"]
[EventType "swiss"]
[EventRounds "9"]
[EventCountry "ESP"]
[SourceTitle "CBM 124 Extra"]
[Source "ChessBase"]
[SourceDate "2008.07.03"]
[SourceVersion "1"]
[SourceVersionDate "2008.07.03"]
[SourceQuality "1"]

1. d4 d5 2. Nf3 Nf6 3. e3 Bg4 4. Nbd2 Ne4 5. c4 Nxd2 6. Bxd2 e6 7. cxd5 Qxd5 8. Qa4+ c6 9. Bc4 Qd8 10. Ne5 Bf5 11. Be2 f6 12. Nd3 Qc8 13. Bb4 Bxb4+ 14. Qxb4 Bxd3 15. Bxd3 Nd7 16. a4 Nb6 17. a5 Nd5 18. Qd6 Qd7 19. Qg3 0-0 20. Qh3 g6 21. 0-0 Rad8 22. Qg3 Qd6 23. f4 f5 24. h4 Qe7 25. h5 Qg7 26. Rf3 gxh5 27. Qh3 Kh8 28. Rg3 Qf7 29. Rg5 Rg8 30. Rxh5 Rg7 31. Kf2 Rdg8 32. Be2 Nf6 33. Rh4 Ne4+ 34. Kf1 Rg3 35. Qh2 Qg7 36. Bf3 Nd2+ 37. Kf2 Nxf3 38. Rxh7+ Qxh7 39. Qxh7+ Kxh7 40. Rh1+ Kg6 41. Kxg3 Nd2 42. Rh4 Rg7 43. Rh8 Nc4 44. Kf3 Nxb2 0-1